000
00322nam a2200145Ia 4500
008
210210b1957 xxu||||| |||| 00| 0 eng d
041
_a
eng
082
_a
331/230
100
_a
THAKUR (B T)
245
_a
Money
260
_a
Bombay
_b
Orient Longman Ltd
_c
1957
650
_a
Money
690
_a
Banking
906
_a
004132
999
_c
122967
_d
122967